000 00441nam a2200181Ia 4500
001 18007
005 20260306171559.0
008 260306s9999||||xx |||||||||||||| ||und||
041 _aESP
082 _a658.3121
_bA69
100 _aArenas Reina, José Manuel
_eAUT
245 0 _aControl de tiempos y productividad
260 _c2000
300 _a111 páginas :
_c24 cm.
650 _aGEN
654 _aCAN
942 _cLIB
_dJUS
_fJUS
_2ddc
_n
999 _c18007
_d18007